=LDR 00000nam 2200000 4500 =001 INLIS000000000035673 =005 20240909085242 =035 ##$$a 0010-061300000035673 =008 240909################g##########0#ind## =041 ##$$a Ind =082 ##$$a 370.1 =090 ##$$a 370.1, Nas t =100 ##$$a Nasution =245 1#$$a Teknologi Pendidikan /$c Nasution =260 ##$$a Jakarta :$b Bumi Aksara,$c 2005 =300 ##$$a x, 114 hlm. ; $c 21 x 15 Cm =650 #4$$a Teknologi Pendidikan =850 ##$$a NBPNMAT =020 ##$$a 979-526-199-1 =084 ##$$a 370.1 NAS t =250 ##$$a Ed.1, Cet. 3 =990 ##$$a 21400613/BPAP-NTB/20142014 =990 ##$$a 00045049 =990 ##$$a 00045049